| 000 | 01788nam a22001937a 4500 | ||
|---|---|---|---|
| 999 |
_c62010 _d62010 |
||
| 003 | Ge_BSU | ||
| 005 | 20240621110253.0 | ||
| 008 | 240621s2009 ge ||||| |||| 00| 0 geo d | ||
| 020 | _a19877277 | ||
| 041 | _ageo | ||
| 080 | _a615(063) ს-32 | ||
| 245 |
_aსაქართველოს მცენარეული და მინერალური წარმოშობის ბიოლოგიურად აქტიური ნივთიერებების შესწავლა = Изучение биологически активных соединений из растительного и минерального сырья Грузии = Investigation of Georgian Biologically Active Compounds of Plant and Mineral Origin / _c საქართველოს განათლების და მეცნიერების სამინისტრო; საქართველოს მეცნიერებათა ეროვნული აკადემია; ფარმაკოქიმიის ინსტიტუტი ი. ქუთათელაძის სახელობისა; რედ. ზ. ქემოკლიძე. |
||
| 264 |
_aთბილისი, _c2009. |
||
| 300 |
_a162 გვ. : _bსურ., ცხრ., ნახაზ. _c29 სმ. |
||
| 653 | _aმინერალური წარმოშობის ბიოლოგიურად აქტიური ნივთიერებება | ||
| 700 |
_aქემოკლიძე, ზ. _eრედაქტორი _922531 |
||
| 710 |
_aფარმაკოქიმიის ინსტიტუტი ი. ქუთათელაძის სახელობის. _922532 |
||
| 942 |
_2udc _cᲬᲘᲒᲜᲘ |
||